00613nam a22001817a 450000500170000001000130001702000260003003500140005603700130007008200190008310000280010224501130013026000440024327000760028730000280036370000270039170000130041820190621112759.0 aB-125694 a9789386223036c750.00 aEN-109226 bDBAD/PUB a597.9168095485 aRao, Madireddi V. Subba aRare and threatened limbless lizard, barkudia insularis, annandale/cby Madireddi V. Subba Rao [and] B.N Rao aDelhibB.R Publishing Corporationc2017 a425, Nimri Colony, Ashok Vihar, Phase-IV,bDelhie110052mbrpc@vsnl.com axx,96p.c24cm(Hb)bill. aMadireddi V. Subba Rao aB.N. Rao